An Investigation into Graphemes " E, G, X" Experienced by Freshman at The University of Foreign Languages, Danang University /

Đã lưu trong:
Sonraí Bibleagrafaíochta
Príomhúdar: Huỳnh Thị Thảo Uyên
Formáid: Neamhaithnid
Teanga:English
Foilsithe: Khoa Anh ngữ, 2013.
Ábhair:
Clibeanna: Cuir Clib Leis
Gan Chlibeanna, Bí ar an gcéad duine leis an taifead seo a chlibeáil!
Thư viện lưu trữ: Mạng thư viện Đại học Đà Nẵng
LEADER 01184na a2200325 4500
001 000031339
003 5979
005 20230302145506.0
008 151001s2013 000 eng
040 |a LNN 
041 |a eng 
082 |a 420.4  |b HU-U 
100 |a Huỳnh Thị Thảo Uyên 
245 3 |a An Investigation into Graphemes " E, G, X" Experienced by Freshman at The University of Foreign Languages, Danang University /  |c Huỳnh Thị Thảo Uyên. 
260 |a Khoa Anh ngữ,  |c 2013. 
300 |a 54tr. : mh ; 30cm. 
650 |a Huỳnh Thị Thảo Uyên, 2013, Verb, E, X, G 
852 |c Luận văn sinh viên 
OWN |a LNN 
AVA |a UDN50  |b LNN  |c English  |d 420.4 HU-U  |e available  |t Error 5001 Not defined in file expand_doc_bib_avail.  |f 1  |g 0  |h N  |i 0  |j AN  |k 1 
999 |a From the UDN01 
AVA |a UDN50  |b LNN  |c English  |d 420.4 HU-U  |e available  |t Error 5001 Not defined in file expand_doc_bib_avail.  |f 1  |g 0  |h N  |i 0  |j AN  |k 1 
TYP |a Printed language 
980 |a Mạng thư viện Đại học Đà Nẵng